000 00318 a2200157 4500
001 49480
020 _a
040 _cAnchieta - Bela Vista
100 _aBrasileiro, Jonar
240 1 0 _aO bicho
_lpor
245 1 0 _aO bicho
300 _a34
362 0 _a2001
650 4 _aLiteratura infanto-juvenil
942 _cBK
999 _c49480
_d49480